| 000 | 01094cam a22002891i 4500 | ||
|---|---|---|---|
| 003 | SA-RiAUC | ||
| 005 | 20250206072139.0 | ||
| 008 | 250204s1994 su g 00010bara c | ||
| 040 |
_aSA-JeALM _bara _cSA-RiAUC _erda |
||
| 050 | 4 | _bH87 1994 | |
| 072 | 7 | _a083 | |
| 082 | 0 | 4 |
_a920.99 _qSA-RiAUC |
| 090 |
_a920.99 _b ح س ي |
||
| 100 | 1 |
_aحسين، مصطفى إبراهيم _eمؤلف. |
|
| 245 | 1 | 0 |
_aمحب التاريخ / _cمصطفى حسين، شكري فيصل. |
| 250 | _aالطبعة الأولى. | ||
| 264 | 3 |
_aجدة، السعودية : _bمطابع دار البلاد _bمصطفى حسين . شكري فيصل _c1994 |
|
| 300 |
_a228 صفحة ؛ _c24 سم |
||
| 336 |
_aنص _btxt _2rdacontent _3كتاب |
||
| 337 |
_aبدون وسيط _bn _2rdamedia |
||
| 338 |
_aمجلد _bnc _2rdacarrier |
||
| 600 | 1 | 7 |
_aمدني، أمين، _d1328-1404 هجري _2aucnm |
| 650 | 7 |
_aالمؤرخون السعوديون _vتراجم _2aucsh |
|
| 700 | 1 |
_aفيصل، شكري، _d1918-1985 _eمؤلف. |
|
| 942 |
_2ddc _cBOOK _n0 |
||
| 949 |
_aSA-JeALM _d250204 _uosman123 _n1 |
||
| 999 |
_c5662 _d5662 |
||